| 000 | nam a22 7a 4500 | ||
|---|---|---|---|
| 999 |
_c30328 _d30328 |
||
| 008 | 190516b xxu||||| |||| 00| 0 eng d | ||
| 020 | _a9789966080387 | ||
| 040 | _amksu | ||
| 050 |
_aBX 2350.3 _b.D35 1999 |
||
| 100 | _aDajczer,Tadeusz. | ||
| 245 |
_aThe gift of faith / _cTadeusz Dajczer. |
||
| 260 |
_aNairobi : _bPaulines Publications Africa, _c2005. |
||
| 300 |
_a184p. ; _c21cm. |
||
| 650 |
_aChristian life _vCatholic authors. |
||
| 650 |
_aSpiritual life _vCatholic Church. |
||
| 650 | _aFaith. | ||
| 942 |
_2lcc _cAFRICANA _hBX 2350.3 .D35 1999 |
||